[Event "2021 Server Team Champ, S10530"]
[Site "CCLA"]
[Date "2021.10.15"]
[Round "?"]
[White "Cacas, Alexander"]
[Black "Wheatley, Daniel D."]
[Result "0-1"]
[WhiteElo "1677"]
[BlackElo "1686"]
[Board "3"]
[WhiteTeam "Castles West"]
[BlackTeam "Pawntastics"]

1. e4 c5 2. Nf3 e6 3. d4 cxd4 4. Nxd4 a6 5. Bd3 Bc5 6. Nb3 Be7 7. Qg4 g6 
8. O-O d6 9. Nc3 Nd7 10. f4 Ngf6 11. Qe2 O-O 12. Be3 b5 13. a3 Bb7 14. 
Rad1 Qc7 15. Rfe1 Rac8 16. Bf2 Nb6 17. Nd4 Nc4 18. Bxc4 Qxc4 19. Qxc4 Rxc4
20. Rd2 Rfc8 21. Rde2 Ng4 22. Nb3 Nxf2 23. Kxf2 Bd8 24. g3 Bb6+ 25. Kf1 h5
26. Rd2 d5 27. exd5 Bxd5 28. Nxd5 exd5 29. Rxd5 Rxc2 30. Re2 Rxe2 31. Kxe2
Re8+ 32. Kf1 Re3 33. Nd2 Re6 34. Nf3 f6 35. Rd3 Re3 36. Rxe3 Bxe3 37. b3 
Kf7 38. Ke2 Bc1 39. a4 bxa4 40. bxa4 Ke6 41. Kd3 Kd5 42. h3 Kc5 43. Kc3 
Be3 44. Nh4 Bf2 45. Nxg6 Bxg3 46. f5 Be1+ 47. Kb3 Kd4 48. Ne7 Ke4 49. Kc4 
a5 50. Kb5 h4 51. Kc4 Kf4 52. Kd5 Kg3 53. Ke6 Kxh3 54. Kxf6 Kg3 55. Kg6 
Bc3 56. f6 Bxf6 57. Nf5+ Kf2 58. Kxf6 h3 59. Nh6 Kf3 0-1

[Event "2021 Server Team Champ, S10530"]
[Site "CCLA"]
[Date "2021.10.15"]
[Round "?"]
[White "Cofer, David"]
[Black "Cacas, Alexander"]
[Result "0-1"]
[WhiteElo "2087"]
[BlackElo "1677"]
[Board "3"]
[WhiteTeam "Woodpushers"]
[BlackTeam "Castles West"]

1. d4 Nf6 2. Bf4 d5 3. e3 e6 4. Nd2 c5 5. c3 Nc6 6. Ngf3 Bd6 7. Bg3 O-O 8.
 Bd3 cxd4 9. cxd4 Nb4 10. Be2 Qc7 11. Rc1 Qb8 12. a3 Nc6 13. Nb3 Bd7 14. 
Bxd6 Qxd6 15. O-O b6 16. Re1 Bc8 17. Nbd2 Bb7 18. Qa4 Rfc8 19. Rc2 Rc7 20.
 h3 Rac8 21. Rec1 Nd7 22. Bd3 f6 23. Bb5 e5 24. Bxc6 Bxc6 25. Qb3 Kh8 26. 
dxe5 fxe5 27. Nb1 Nf6 28. g4 Ne4 29. Nfd2 Nc5 30. Qa2 Nd3 0-1

[Event "2021 Server Team Champ, S10530"]
[Site "CCLA"]
[Date "2021.10.15"]
[Round "?"]
[White "Cofer, David"]
[Black "Wheatley, Daniel D."]
[Result "1-0"]
[WhiteElo "2087"]
[BlackElo "1686"]
[Board "3"]
[WhiteTeam "Woodpushers"]
[BlackTeam "Pawntastics"]

1. d4 Nf6 2. Bf4 d6 3. e3 c5 4. c3 Qb6 5. Qb3 Be6 6. Qxb6 axb6 7. Na3 Nh5 
8. Bg3 g6 9. Bb5+ Bd7 10. Bxd7+ Nxd7 11. Nb5 O-O-O 12. Bh4 Rg8 13. Nf3 f6 
14. a4 g5 15. Bg3 Nxg3 16. hxg3 h6 17. e4 Nb8 18. d5 Na6 19. Nd2 Nb8 20. 
Nc4 Nd7 21. a5 bxa5 22. Rxa5 Nb8 23. Nb6# 1-0

[Event "2021 Server Team Champ, S10530"]
[Site "CCLA"]
[Date "2021.10.15"]
[Round "?"]
[White "Wheatley, Daniel D."]
[Black "Cacas, Alexander"]
[Result "1-0"]
[WhiteElo "1686"]
[BlackElo "1677"]
[Board "3"]
[WhiteTeam "Pawntastics"]
[BlackTeam "Castles West"]

1. c4 Nf6 2. g3 g6 3. Bg2 Bg7 4. d4 d6 5. Nf3 O-O 6. h3 c5 7. O-O Nc6 8. 
d5 Na5 9. Nbd2 Qc7 10. Qc2 Bd7 11. Rb1 Rac8 12. b3 b5 13. Bb2 Rb8 14. e4 
bxc4 15. bxc4 Qc8 16. Bc3 Qa6 17. e5 Rxb1 18. Qxb1 Ne8 19. Bxa5 Qxa5 20. 
Qb7 Qc7 21. Rb1 a5 22. Qxc7 Nxc7 23. exd6 exd6 24. Rb7 Rc8 25. Ne4 Ba4 26.
 Nxd6 Rd8 27. Nxf7 1-0

[Event "2021 Server Team Champ, S10530"]
[Site "CCLA"]
[Date "2021.10.15"]
[Round "?"]
[White "Wheatley, Daniel D."]
[Black "Cofer, David"]
[Result "1-0"]
[WhiteElo "1686"]
[BlackElo "2087"]
[Board "3"]
[WhiteTeam "Pawntastics"]
[BlackTeam "Woodpushers"]

1. c4 Nf6 2. g3 e6 3. Bg2 d5 4. Nf3 Be7 5. d4 O-O 6. Qc2 c5 7. O-O cxd4 8.
 Nxd4 e5 9. Nf3 Nc6 10. cxd5 Nxd5 11. a3 Nb6 12. Rd1 Bf5 13. Rxd8 Bxc2 14.
 Rxf8+ Kxf8 15. Nc3 Rd8 16. Be3 Nc4 17. Bc1 N6a5 18. Ne1 Bg6 19. e4 Nb3 
20. Rb1 Nxc1 21. Rxc1 Nxb2 22. Nc2 Rc8 23. Ne2 Rc3 24. Nxc3 Bg5 25. Ne3 f6
26. Rb1 Nc4 27. Nxc4 f5 28. exf5 Bxf5 29. Rxb7 Be6 30. Nxe5 a6 31. Nd5 
Bxd5 32. Bxd5 Bh6 33. Nc6 1-0

[Event "USA/S10531 (USA)"]
[Site "CCLA"]
[Date "2021.11.21"]
[Round "?"]
[White "Shannon, Paul D."]
[Black "Carter, Maurice H."]
[Result "0-1"]
[WhiteElo "1919"]
[BlackElo "1997"]

1. e4 c5 2. c3 Nf6 3. e5 Nd5 4. d4 cxd4 5. Nf3 e6 6. cxd4 Be7 7. Bd3 d6 8.
 O-O O-O 9. Bd2 Bd7 10. Nc3 Bc6 11. Rc1 Nb4 12. Bb1 Re8 13. a3 N4a6 14. 
Bf4 Nc7 15. exd6 Bxd6 16. Bxd6 Qxd6 17. Ne5 Nd5 18. Ne4 Qe7 19. Qc2 g6 20.
 Nxc6 Nxc6 21. Qc5 Rad8 22. b4 Nf4 23. Rfe1 f5 24. Ng3 Nxd4 25. Qxa7 Qd7 
26. Qc5 Nb3 27. Qe5 Nxc1 28. Qxf4 Nd3 29. Bxd3 Qxd3 30. Qc7 Qxa3 31. Qxb7 
Rb8 32. Qd7 Qxb4 33. Rxe6 Red8 34. Qc7 Rd1+ 35. Nf1 Qb5 0-1

[Event "USA/S10531 (USA)"]
[Site "CCLA"]
[Date "2021.11.21"]
[Round "?"]
[White "Shannon, Paul D."]
[Black "Silverman, Robert"]
[Result "1-0"]
[WhiteElo "1919"]
[BlackElo "2006"]

1. e4 c5 2. Nc3 a6 3. f4 b5 4. Nf3 e6 5. d3 Bb7 6. g3 d5 7. exd5 exd5 8. 
Bg2 Nf6 9. O-O Be7 10. Bd2 O-O 11. Re1 Nc6 12. Ne5 Nd4 13. Ne2 Nf5 14. c3 
Ra7 15. d4 Ne4 16. Bh3 Nfd6 17. Nd7 Re8 18. Nxc5 Bc6 19. Nxe4 Nxe4 20. Nc1
Bd7 21. Bg2 f5 22. Nd3 Bf6 23. Ne5 Bxe5 24. dxe5 Be6 25. Be3 Rb7 26. Qe2 
b4 27. Qxa6 Qd7 28. Bd4 bxc3 29. bxc3 Rc8 30. Rab1 Rbb8 31. Qd3 Qc6 32. 
Rxb8 Rxb8 33. Rb1 Rxb1+ 34. Qxb1 Qa4 35. Qb3 Qxb3 36. axb3 Kf8 37. b4 Ke7 
38. Bf1 Kd8 39. Ba6 Bc8 40. b5 Kc7 41. b6+ Kb8 42. Bxc8 Kxc8 43. e6 g6 44.
 Be5 Nc5 45. e7 Kd7 46. Bd6 Nb7 47. Bb4 Ke8 48. Kf2 Kd7 49. Ke3 g5 50. 
fxg5 Ke8 51. h4 Kd7 52. h5 Ke8 53. g6 hxg6 54. hxg6 d4+ 55. cxd4 Kd7 56. 
g7 1-0

[Event "USA/S10531 (USA)"]
[Site "CCLA"]
[Date "2021.11.21"]
[Round "?"]
[White "Shannon, Paul D."]
[Black "Avery, Bryce"]
[Result "1-0"]
[WhiteElo "1919"]
[BlackElo "1892"]

1. e4 e5 2. Nf3 Nc6 3. c3 d5 4. Qa4 Bd7 5. exd5 Nd4 6. Qd1 Nxf3+ 7. Qxf3 
Bd6 8. Bc4 f5 9. d3 Nf6 10. Bg5 O-O 11. Nd2 h6 12. Bxf6 Rxf6 13. Bb3 Qe7 
14. O-O Re8 15. Rfe1 Kh8 16. Nc4 e4 17. Qd1 Bc5 18. d4 Bd6 19. f3 Qf7 20. 
Nxd6 cxd6 21. c4 e3 22. f4 g5 23. Qf3 gxf4 24. Qxf4 Re4 25. Qf3 Qe8 26. 
Bc2 Re7 27. Qf4 Ba4 28. b3 Bd7 29. Re2 1-0

[Event "USA/S10531 (USA)"]
[Site "CCLA"]
[Date "2021.11.21"]
[Round "?"]
[White "Carter, Maurice H."]
[Black "Shannon, Paul D."]
[Result "1-0"]
[WhiteElo "1997"]
[BlackElo "1919"]

1. e4 e6 2. d4 d5 3. Nd2 Nf6 4. e5 Nfd7 5. Bd3 c5 6. c3 Nc6 7. Ne2 cxd4 8.
 cxd4 Qb6 9. Nf3 f6 10. exf6 Nxf6 11. O-O Bd6 12. Nc3 O-O 13. Be3 Bd7 14. 
a3 Be8 15. Ne5 Ne7 16. Qd2 a6 17. Rac1 Rc8 18. Kh1 Bh5 19. f3 Bb8 20. Ne2 
Qd6 21. Bf4 Qb6 22. Rxc8 Rxc8 23. Bg5 Be8 24. Bh4 Nf5 25. Bxf6 gxf6 26. 
Ng4 Qd6 27. Nxf6+ Kf7 28. Ng4 h5 29. Ne5+ Kf8 30. Bxf5 exf5 31. f4 Ba7 32.
 Rc1 Rxc1+ 33. Qxc1 Bb5 34. Qc8+ 1-0

[Event "USA/S10531 (USA)"]
[Site "CCLA"]
[Date "2021.11.21"]
[Round "?"]
[White "Carter, Maurice H."]
[Black "Blumberg, David L."]
[Result "1/2-1/2"]
[WhiteElo "1997"]
[BlackElo "2109"]

1. e4 Nf6 2. Nc3 d5 3. exd5 Nxd5 4. Bc4 Nb6 5. Bb3 Nc6 6. a3 Bf5 7. d3 e6 
8. Be3 Be7 9. Nge2 O-O 10. O-O Qd7 11. Ng3 Bg6 12. Ba2 Rad8 13. Nce4 Nd5 
14. Bd2 h6 15. Rc1 Nf6 16. Bc3 Nd5 17. Bd2 Nf6 18. Bc3 Nd5 19. Bd2 Nf6 20.
 Bc3 Nd5 21. Bd2 Nf6 22. Bc3 1/2-1/2

[Event "USA/S10531 (USA)"]
[Site "CCLA"]
[Date "2021.11.21"]
[Round "?"]
[White "Carter, Maurice H."]
[Black "Silverman, Robert"]
[Result "1/2-1/2"]
[WhiteElo "1997"]
[BlackElo "2006"]

1. e4 c5 2. Nc3 a6 3. b3 d6 4. Bb2 e5 5. a4 f5 6. Bd3 fxe4 7. Bxe4 Nf6 8. 
Bf3 d5 9. d3 Nc6 10. Nge2 Bf5 11. O-O Be7 12. Re1 O-O 13. Ng3 Bg6 14. Nb1 
Bd6 15. Nd2 Qd7 16. Ndf1 Rfe8 17. Qd2 Nd4 18. Bd1 h6 19. Ne3 Bc7 20. c3 
Ne6 21. Bc2 d4 22. Nef1 Nf4 23. c4 b5 24. axb5 axb5 25. Ne2 N6h5 26. f3 
bxc4 27. bxc4 Nxe2+ 28. Qxe2 Qd6 29. g3 Qb6 30. Reb1 Nf4 31. gxf4 Rxa1 32.
 Bxa1 Qf6 33. fxe5 Rxe5 34. Qf2 Rf5 35. Kg2 Rg5+ 36. Ng3 h5 37. Kh1 Bxg3 
38. hxg3 h4 39. g4 Qf4 40. Rf1 1/2-1/2

[Event "USA/S10531 (USA)"]
[Site "CCLA"]
[Date "2021.11.21"]
[Round "?"]
[White "Carter, Maurice H."]
[Black "Avery, Bryce"]
[Result "0-1"]
[WhiteElo "1997"]
[BlackElo "1892"]

1. e4 e5 2. Nf3 Nc6 3. d4 exd4 4. Nxd4 Bc5 5. Nxc6 bxc6 6. Bd3 d6 7. O-O 
Nf6 8. Nc3 Ng4 9. h3 Ne5 10. Be2 O-O 11. b3 Qh4 12. a3 Bxh3 13. Be3 Bxe3 
14. fxe3 Be6 15. Qe1 Qg5 16. Qf2 f5 17. Qf4 Qg6 18. Rf2 fxe4 19. Qxe4 Qxe4
20. Nxe4 Bf5 21. Nd2 Bxc2 22. Rc1 Rxf2 23. Kxf2 Bg6 24. b4 Rf8+ 25. Kg1 h5
26. Nf3 Be4 27. Nxe5 dxe5 28. Bxh5 Rd8 29. Rd1 Rxd1+ 30. Bxd1 Kf7 31. Kf2 
Ke6 32. Bf3 Bxf3 33. gxf3 Kd5 34. Ke2 c5 35. bxc5 Kxc5 36. Kd3 a5 37. Kc3 
c6 38. Kd3 Kd5 39. Kc3 e4 0-1

[Event "USA/S10531 (USA)"]
[Site "CCLA"]
[Date "2021.11.21"]
[Round "?"]
[White "Blumberg, David L."]
[Black "Carter, Maurice H."]
[Result "1-0"]
[WhiteElo "2109"]
[BlackElo "1997"]

1. e4 c5 2. Nf3 e6 3. d4 cxd4 4. Nxd4 a6 5. Bd3 Qc7 6. O-O Nc6 7. Nxc6 
dxc6 8. Nc3 Nf6 9. f4 e5 10. Kh1 Bc5 11. f5 Bd7 12. Qf3 h6 13. Qg3 Bf8 14.
 Be3 O-O-O 15. a4 Nh5 16. Qf2 Re8 17. Bc4 Bb4 18. Bxf7 Nf6 19. Bxe8 Bxe8 
20. Bb6 Qf7 21. Rfd1 Nd7 22. Be3 Qe7 23. a5 Bf7 24. Na4 Bxa5 25. Nc5 1-0

[Event "USA/S10531 (USA)"]
[Site "CCLA"]
[Date "2021.11.21"]
[Round "?"]
[White "Blumberg, David L."]
[Black "Silverman, Robert"]
[Result "1-0"]
[WhiteElo "2109"]
[BlackElo "2006"]

1. e4 c5 2. Nf3 a6 3. c4 Qc7 4. Nc3 e6 5. d4 cxd4 6. Nxd4 b6 7. a3 Nf6 8. 
Be3 e5 9. Nb3 d6 10. f3 Be7 11. Be2 O-O 12. O-O b5 13. cxb5 Nbd7 14. Rc1 
Nc5 15. Nxc5 dxc5 16. bxa6 Bxa6 17. Bxa6 Rxa6 18. Qc2 Qc6 19. Rfd1 Rb8 20.
 Nd5 Nxd5 21. Rxd5 c4 22. Qxc4 Rc8 23. Qxc6 Raxc6 24. Rxc6 Rxc6 25. Rxe5 
Kf8 26. Rd5 Rc2 27. Rb5 g6 28. Rb8+ Kg7 29. a4 Bd6 30. Rb5 Rc4 31. b3 Rc7 
32. g3 f6 33. Bf4 Bxf4 34. gxf4 Rc1+ 35. Kg2 Rc2+ 36. Kg3 Kh6 37. a5 Rc7 
38. a6 Ra7 39. Ra5 g5 40. fxg5+ fxg5 41. b4 Kh5 42. b5 1-0

[Event "USA/S10531 (USA)"]
[Site "CCLA"]
[Date "2021.11.21"]
[Round "?"]
[White "Blumberg, David L."]
[Black "Avery, Bryce"]
[Result "1/2-1/2"]
[WhiteElo "2109"]
[BlackElo "1892"]

1. e4 e5 2. Nf3 Nc6 3. Bb5 a6 4. Ba4 Nf6 5. O-O Nxe4 6. d4 b5 7. Bb3 d5 8.
 dxe5 Be6 9. Nbd2 Nc5 10. c3 Nxb3 11. Nxb3 Be7 12. Nfd4 Nxd4 13. cxd4 O-O 
14. Bd2 c5 15. Nxc5 Bxc5 16. dxc5 Qc7 17. Rc1 Qxe5 18. Bc3 Qc7 19. Qd4 f6 
20. Rfe1 Bf7 21. b4 Rae8 22. a3 Qc6 23. f3 Rxe1+ 24. Rxe1 Re8 25. Rxe8+ 
Bxe8 26. Kf2 Qe6 27. Qf4 Kf7 28. Bd4 Bc6 29. Qc7+ Bd7 30. Qf4 Bc6 1/2-1/2

[Event "USA/S10531 (USA)"]
[Site "CCLA"]
[Date "2021.11.21"]
[Round "?"]
[White "Silverman, Robert"]
[Black "Shannon, Paul D."]
[Result "0-1"]
[WhiteElo "2006"]
[BlackElo "1919"]

1. d4 e6 2. e4 d5 3. Nc3 Nf6 4. Bg5 Be7 5. e5 Nfd7 6. Bxe7 Qxe7 7. Nb5 Nf8
8. c4 Qb4+ 9. Qd2 Qxd2+ 10. Kxd2 Na6 11. cxd5 exd5 12. Bd3 Ne6 13. Ne2 Bd7
14. f4 Nb4 15. Bf5 Bxb5 16. Bxe6 fxe6 17. Nc1 O-O 18. g3 Be8 19. a3 Nc6 
20. Nb3 b6 21. Kc3 Rc8 22. Nd2 Ne7 23. Rhf1 c5 24. Kd3 Bb5+ 25. Kc2 cxd4+ 
0-1

[Event "USA/S10531 (USA)"]
[Site "CCLA"]
[Date "2021.11.21"]
[Round "?"]
[White "Silverman, Robert"]
[Black "Carter, Maurice H."]
[Result "1-0"]
[WhiteElo "2006"]
[BlackElo "1997"]

1. d4 Nf6 2. Nf3 d5 3. c4 c6 4. Nc3 e6 5. Qb3 Be7 6. Bf4 O-O 7. e3 Nbd7 8.
 Bd3 dxc4 9. Bxc4 b5 10. Bd3 Bb7 11. a3 Nb6 12. a4 a6 13. O-O Nh5 14. Qc2 
g6 15. Bh6 Re8 16. Ne5 Bg5 17. Bxg5 Qxg5 18. Qe2 Qe7 19. Be4 Nd5 20. g3 
Nhf6 21. Bf3 Nxc3 22. bxc3 Rec8 23. c4 Kg7 24. Nd3 bxc4 25. Nc5 Nd5 26. e4
Nb4 27. Qxc4 a5 28. Qe2 Ba6 29. Nxa6 Rxa6 30. Rac1 Qd7 31. Rfd1 Ra7 32. 
Rc5 Kg8 33. Bg4 f5 34. Bf3 Kf7 35. Qc4 Rd8 36. d5 fxe4 37. dxe6+ Qxe6 38. 
Qxe6+ Kxe6 39. Rxd8 exf3 40. Rd1 Ke7 41. Kf1 Ke8 42. Re5+ 1-0

[Event "USA/S10531 (USA)"]
[Site "CCLA"]
[Date "2021.11.21"]
[Round "?"]
[White "Silverman, Robert"]
[Black "Blumberg, David L."]
[Result "0-1"]
[WhiteElo "2006"]
[BlackElo "2109"]

1. e4 Nf6 2. e5 Nd5 3. d4 d6 4. Nf3 Bg4 5. Be2 e6 6. h3 Bh5 7. O-O Be7 8. 
c4 Nb6 9. Be3 O-O 10. Qd2 d5 11. c5 Bxf3 12. Bxf3 Nc4 13. Qc3 Nxe3 14. 
Qxe3 Bg5 15. Qb3 b6 16. Qc3 bxc5 17. dxc5 c6 18. Bg4 Nd7 19. f4 Be7 20. b4
a5 21. a3 axb4 22. axb4 Rxa1 23. Qxa1 Qb8 24. Qd4 Qb7 25. Nc3 Ra8 26. Kh2 
Ra3 27. f5 Qb8 28. fxe6 Nxe5 29. Kh1 Bf6 30. Nxd5 cxd5 31. exf7+ Kf8 32. 
Be6 Nf3 33. Rxf3 Rxf3 34. Qg1 Ra3 35. Bg4 Ra1 36. Bd1 Qxb4 37. c6 Be5 0-1

[Event "USA/S10531 (USA)"]
[Site "CCLA"]
[Date "2021.11.21"]
[Round "?"]
[White "Silverman, Robert"]
[Black "Avery, Bryce"]
[Result "0-1"]
[WhiteElo "2006"]
[BlackElo "1892"]

1. e4 e5 2. Nf3 Nc6 3. Bb5 g6 4. d4 Nxd4 5. Nxd4 exd4 6. Qxd4 Qf6 7. Be3 
Bg7 8. c3 Qxd4 9. cxd4 Nf6 10. Nc3 O-O 11. f3 d6 12. h3 a6 13. Bd3 Re8 14.
 O-O Bd7 15. g4 Rac8 16. d5 b5 17. a3 c5 18. b4 cxb4 19. Ne2 Nxd5 20. Bd4 
Bxd4+ 21. Nxd4 Nf4 22. Bc2 Rc4 23. Rfd1 Rxd4 24. Kh2 Rxd1 25. Bxd1 bxa3 
26. Rxa3 Ra8 27. Kg3 Ne6 28. Rd3 a5 29. Rxd6 Ra7 30. Bb3 a4 31. Ba2 b4 32.
 Rb6 b3 33. Bxb3 axb3 34. Rxb3 Kg7 35. f4 Nc5 36. Re3 Bc6 37. Kf3 Nxe4 38.
 Kg2 Ra2+ 39. Kg1 Nd2 40. h4 Nf3+ 0-1

[Event "USA/S10531 (USA)"]
[Site "CCLA"]
[Date "2021.11.21"]
[Round "?"]
[White "Avery, Bryce"]
[Black "Shannon, Paul D."]
[Result "1-0"]
[WhiteElo "1892"]
[BlackElo "1919"]

1. d4 e6 2. e4 d5 3. Nc3 Bb4 4. e5 Ne7 5. a3 Bxc3+ 6. bxc3 b6 7. Qg4 Nf5 
8. Bd3 h5 9. Qh3 g6 10. Nf3 Ba6 11. Bg5 Qd7 12. Bf6 Rg8 13. O-O Bxd3 14. 
cxd3 Qb5 15. Rfd1 Nd7 16. Bg5 c5 17. Rac1 Qa5 18. Nh4 Nxh4 19. Qxh4 Qxa3 
20. c4 Qa4 21. cxd5 exd5 22. Qg3 Qxd4 23. e6 fxe6 24. Qd6 Rg7 25. Qxe6+ 
Kf8 26. Bh6 Rd8 27. Re1 Qf6 28. Qxf6+ Nxf6 29. Bxg7+ Kxg7 30. Re7+ Kf8 31.
 Rxa7 d4 32. Rca1 Rd6 33. Kf1 Nd7 34. Re1 Kf7 35. f4 Kf6 36. Kf2 b5 37. 
Rb7 b4 38. h3 Nb6 39. Kf3 b3 40. g4 hxg4+ 41. hxg4 g5 42. fxg5+ Kxg5 43. 
Re5+ Kg6 44. Rxc5 b2 45. Rb5 Nd7 46. Rxb2 Rf6+ 47. Kg3 Nc5 48. R7b6 Nxd3 
49. Rxf6+ Kxf6 50. Rb6+ Kg5 51. Rb5+ Kg6 52. Kh4 Ne1 53. Rb6+ Kg7 54. Kh5 
d3 55. g5 1-0

[Event "USA/S10531 (USA)"]
[Site "CCLA"]
[Date "2021.11.21"]
[Round "?"]
[White "Avery, Bryce"]
[Black "Carter, Maurice H."]
[Result "1/2-1/2"]
[WhiteElo "1892"]
[BlackElo "1997"]

1. d4 Nf6 2. c4 g6 3. Nc3 d5 4. Nf3 Bg7 5. Qb3 dxc4 6. Qxc4 O-O 7. e4 Nfd7
8. Be3 Nb6 9. Qb3 c6 10. Be2 N8d7 11. O-O Nf6 12. Rfd1 Qc7 13. Rac1 e6 14.
 d5 exd5 15. exd5 Qe7 16. dxc6 bxc6 17. Bxb6 axb6 18. Qxb6 Nd5 19. Nxd5 
cxd5 20. Bf1 Bg4 21. Re1 Qd8 22. Qxd8 Rfxd8 23. b4 Rxa2 24. b5 Kf8 25. Rc7
Bf6 26. Ne5 Be6 27. b6 Rb8 28. b7 Rb2 29. Nxg6+ hxg6 30. Rxe6 Bd8 31. Rc8 
R2xb7 32. Rxb8 Rxb8 33. Re2 Bf6 34. g3 d4 1/2-1/2

[Event "USA/S10531 (USA)"]
[Site "CCLA"]
[Date "2021.11.21"]
[Round "?"]
[White "Avery, Bryce"]
[Black "Blumberg, David L."]
[Result "0-1"]
[WhiteElo "1892"]
[BlackElo "2109"]

1. d4 Nf6 2. c4 c5 3. d5 b5 4. cxb5 a6 5. bxa6 g6 6. Nc3 Bxa6 7. Nf3 d6 8.
 e4 Bxf1 9. Kxf1 Bg7 10. g3 O-O 11. Kg2 Nbd7 12. a4 Qb6 13. Qc2 Rfb8 14. 
Nb5 Ne8 15. Bd2 Nc7 16. Nxc7 Qxc7 17. Rab1 Qa7 18. a5 Qa6 19. Qa4 Nb6 20. 
Qc2 Nc4 21. Bc3 Bxc3 22. bxc3 Rxb1 23. Qxb1 Qxa5 24. Rc1 Qa2 25. Qxa2 Rxa2
26. Kf1 Kg7 27. h4 Kf6 28. Ng5 h6 29. Nf3 Rb2 30. g4 g5 31. hxg5+ hxg5 32.
 Rd1 Rc2 33. Rd3 Rc1+ 34. Kg2 Nb2 35. Rd2 Na4 36. e5+ Kg6 37. Ra2 Nb6 38. 
exd6 exd6 39. Ra6 Nc4 40. Ra2 Rxc3 41. Nd2 Nxd2 42. Rxd2 Rc4 0-1

[Event "USA/S10531 (USA)"]
[Site "CCLA"]
[Date "2021.11.21"]
[Round "?"]
[White "Avery, Bryce"]
[Black "Silverman, Robert"]
[Result "1-0"]
[WhiteElo "1892"]
[BlackElo "2006"]

1. e4 c5 2. Nf3 d6 3. Bb5+ Nd7 4. a4 a6 5. Be2 Ngf6 6. Nc3 g6 7. a5 b6 8. 
axb6 Bb7 9. d3 Nxb6 10. O-O e5 11. Bg5 Bg7 12. Qd2 O-O 13. Bxf6 Bxf6 14. 
Na4 Nd7 15. b4 Be7 16. bxc5 dxc5 17. Rfb1 Rb8 18. Qc3 Qc7 19. Qc4 Bd6 20. 
c3 Qc6 21. Nd2 Bc7 22. Bg4 Nf6 23. Bf3 Ba8 24. Nxc5 Nd7 25. Nxd7 Qxd7 26. 
Qxa6 Qc6 27. Qxc6 Rxb1+ 28. Rxb1 Bxc6 29. Nc4 f6 30. d4 exd4 31. cxd4 Ba8 
32. d5 Be5 33. Nxe5 fxe5 34. Kf1 Kg7 35. Rb6 Rf6 36. Rb8 Ra6 37. Ke2 Ra2+ 
38. Kd3 Ra3+ 39. Kc4 Ra1 40. Kc5 Rc1+ 41. Kd6 Ra1 42. Kxe5 Ra5 43. Ke6 
Ra6+ 44. d6 Bc6 45. e5 Ba4 46. Ra8 Bb3+ 47. Ke7 Rb6 48. e6 Rb7+ 49. Bxb7 
1-0

[Event "USA/S10531 (USA)"]
[Site "CCLA"]
[Date "2021.11.21"]
[Round "?"]
[White "Shannon, Paul D."]
[Black "Blumberg, David L."]
[Result "0-1"]
[WhiteElo "1919"]
[BlackElo "2109"]

1. e4 Nf6 2. e5 Nd5 3. d4 d6 4. Nf3 Bg4 5. Be2 e6 6. O-O Be7 7. c4 Nb6 8. 
h3 Bh5 9. Nc3 O-O 10. Be3 d5 11. c5 Bxf3 12. gxf3 Nc8 13. f4 Nc6 14. b4 
Bh4 15. b5 Na5 16. Bd3 g6 17. Qg4 f5 18. exf6 Qxf6 19. f5 exf5 20. Bxf5 
Qxf5 21. Qxh4 Qd7 22. Bg5 Rf3 23. Rac1 Rxh3 24. Qf4 Ne7 25. Bxe7 Rh5 26. 
Nxd5 Qxd5 27. f3 Nc4 28. Rfe1 Rf5 29. Qe4 Qf7 30. Qxb7 Re8 31. Qxc7 Nd2 
32. Qxa7 Nxf3+ {adjudicated} 0-1

[Event "USA/S10531 (USA)"]
[Site "CCLA"]
[Date "2021.11.21"]
[Round "?"]
[White "Blumberg, David L."]
[Black "Shannon, Paul D."]
[Result "1/2-1/2"]
[WhiteElo "2109"]
[BlackElo "1919"]

1. e4 e6 2. d4 d5 3. Nc3 Nf6 4. Bg5 Bb4 5. e5 h6 6. Bd2 Bxc3 7. bxc3 Ne4 
8. Qg4 g6 9. Bd3 Nxd2 10. Kxd2 c5 11. Nf3 Nc6 12. Rhb1 Qc7 13. Qh4 Bd7 14.
 Qf6 Rg8 15. a3 cxd4 16. cxd4 Rc8 17. Ke2 b6 18. Kf1 Qd8 19. Qf4 g5 20. 
Qe3 f5 21. Ba6 Rc7 22. Kg1 Na5 23. Qd3 Nc4 24. Nd2 Nxd2 25. Qxd2 Qe7 26. 
a4 Kf7 27. a5 Rb8 28. axb6 axb6 29. Bd3 {adjudicated} 1/2-1/2

[Event "2021 Fall Server Series, S10532"]
[Site "CCLA"]
[Date "2021.11.21"]
[Round "?"]
[White "Greco, Tom"]
[Black "Kleine, Larry"]
[Result "0-1"]
[WhiteElo "1785"]
[BlackElo "1688"]

1. d4 Nf6 2. c4 g6 3. Nc3 d5 4. cxd5 Nxd5 5. e4 Nxc3 6. bxc3 Bg7 7. Be3 c5
8. Qd2 Qa5 9. Rc1 cxd4 10. cxd4 Qxd2+ 11. Kxd2 O-O 12. Bd3 Nc6 13. Ne2 Rd8
14. d5 Ne5 15. Bb1 e6 16. Nc3 Nc4+ 17. Ke2 Bxc3 18. Rxc3 Nxe3 19. Rxe3 
exd5 20. Rd1 Be6 21. Red3 Re8 22. e5 f6 23. Kf1 fxe5 24. a4 d4 25. Ra3 
Rac8 26. Bd3 Rc5 27. h4 Rec8 28. Ke1 b6 29. g3 Kf7 30. Ke2 Kf6 31. f3 Bd5 
32. Raa1 Rc3 33. g4 Ke6 34. Kf2 Rf8 0-1

[Event "2021 Fall Server Series, S10532"]
[Site "CCLA"]
[Date "2021.11.21"]
[Round "?"]
[White "Greco, Tom"]
[Black "Smail, John"]
[Result "0-1"]
[WhiteElo "1785"]
[BlackElo "1721"]

1. d4 g6 2. c4 Bg7 3. e4 d6 4. Nc3 Nf6 5. Be2 O-O 6. Nf3 e5 7. O-O Na6 8. 
Be3 Qe8 9. dxe5 dxe5 10. Nd2 b6 11. a3 c6 12. b4 Nc7 13. c5 b5 14. a4 a6 
15. axb5 axb5 16. Rxa8 Nxa8 17. Nb3 Be6 18. Qc2 Qc8 19. f3 Nc7 20. Rd1 
Bxb3 21. Qxb3 Rd8 22. Bg5 Ne6 23. Be3 Nd4 24. Qb2 Qe6 25. Bf1 Nh5 26. Ne2 
Nxf3+ 27. gxf3 Rxd1 28. Bd2 Qh3 0-1

[Event "2021 Fall Server Series, S10532"]
[Site "CCLA"]
[Date "2021.11.21"]
[Round "?"]
[White "Greco, Tom"]
[Black "Mann, Wallace"]
[Result "1/2-1/2"]
[WhiteElo "1785"]
[BlackElo "1680"]

1. d4 Nf6 2. c4 c5 3. d5 b5 4. cxb5 a6 5. e3 g6 6. Nc3 axb5 7. Bxb5 Ba6 8.
 Bxa6 Nxa6 9. Nf3 d6 10. O-O Nc7 11. Re1 Bg7 12. e4 O-O 13. h3 Ra6 14. Bf4
Qa8 15. Qd2 Rb8 16. Rac1 Nb5 17. Re2 Nh5 18. Be3 Nf6 19. Qc2 Nd7 20. Nxb5 
Rxb5 21. b3 Ra3 22. Qb1 Nb6 23. Rcc2 Qa6 24. Qd1 Qb7 25. Qd2 Ra8 26. Qd3 
Nd7 27. Bd2 Ra6 28. Bc3 Nf6 29. Nd2 Nh5 30. Qf3 Nf6 31. a4 Rxb3 32. Nxb3 
Qxb3 33. Rb2 Qd1+ 34. Kh2 Qxa4 35. Ra2 Qc4 36. Rxa6 Qxa6 37. Rb2 Qa8 38. 
Qd3 h6 39. Qb1 Kh7 40. Kg1 Qa3 41. Bxf6 Bxf6 42. Re2 Qc3 43. Re3 Qe5 44. 
g3 Qd4 45. Ra3 c4 46. Ra4 Qc5 47. Qb4 Qxb4 48. Rxb4 c3 49. Rc4 Kg7 50. f4 
e5 51. fxe5 Bxe5 52. Kg2 h5 53. g4 Kf6 54. gxh5 Kg5 55. hxg6 fxg6 56. Kf3 
Kh5 57. Rc7 1/2-1/2

[Event "2021 Fall Server Series, S10532"]
[Site "CCLA"]
[Date "2021.11.21"]
[Round "?"]
[White "Greco, Tom"]
[Black "Siegfried, Will"]
[Result "0-1"]
[WhiteElo "1785"]
[BlackElo "1545"]

1. d4 f5 2. g3 Nf6 3. Bg2 d6 4. Nf3 g6 5. O-O Bg7 6. b3 O-O 7. Bb2 Qe8 8. 
c4 Na6 9. Nbd2 h6 10. Qc2 Nb4 11. Qc3 a5 12. a3 Nc6 13. d5 Nd8 14. b4 Nh5 
15. Qc2 Bxb2 16. Qxb2 e5 17. c5 Nf6 18. cxd6 cxd6 19. Qb3 Qb5 20. Ne1 e4 
21. Nc4 Qxd5 22. Rd1 Qf7 23. Rb1 Be6 0-1

[Event "2021 Fall Server Series, S10532"]
[Site "CCLA"]
[Date "2021.11.21"]
[Round "?"]
[White "Kleine, Larry"]
[Black "Greco, Tom"]
[Result "1-0"]
[WhiteElo "1688"]
[BlackElo "1785"]

1. e4 e5 2. Nf3 Nc6 3. Bc4 Bc5 4. c3 Nf6 5. d3 d6 6. Bb3 h6 7. Nbd2 O-O 8.
 h3 a6 9. Nf1 Be6 10. Ng3 d5 11. Qe2 Re8 12. O-O Bf8 13. Rd1 Qe7 14. Be3 
Rad8 15. Bc2 d4 16. Bc1 b5 17. c4 g6 18. cxb5 axb5 19. a3 Bd7 20. Bb3 Na5 
21. Ba2 c5 22. Bd2 Nc6 23. Nh2 Be6 24. Bxe6 Qxe6 25. Rac1 Qb3 26. Be1 Rc8 
27. Qc2 Qe6 28. Bd2 b4 29. Qc4 Qxc4 30. Rxc4 Na5 31. Rc2 Nb3 32. axb4 cxb4
33. Rc4 Rxc4 34. dxc4 Rc8 35. Nf3 Nxd2 36. Nxd2 Nd7 37. Ra1 b3 38. Ne2 Bb4
39. Nxb3 d3 40. Nec1 d2 41. Nd3 Rxc4 42. f3 Nc5 43. Nbxc5 Bxc5+ 44. Kf1 
Rc1+ 45. Rxc1 dxc1=Q+ 46. Nxc1 Bd4 47. b4 f5 48. exf5 gxf5 49. Ne2 Bb6 50.
 Ng3 f4 51. Ne4 Kf7 52. Ke2 Ke6 53. Kd3 Kd5 54. Nc3+ Kd6 55. Ke4 Ke6 56. 
Nd5 Bd4 57. Nxf4+ Kd6 58. Nd3 Bc3 59. b5 Bd4 60. f4 1-0